Os 10 melhores jogadores de futebol masculino do mundo 2024 - Sudden - Statistics

Estatísticas Gerais
  • Esse quiz foi jogado 255 vezes
  • A pontuação média é 5 de 10
Answers on the Grid
Answers color-coded by a green-red scale on the quiz's grid according to % correct below.
Robert Lewandowski Barcelona
Jude Bellingham Real Madrid
Emiliano Martínez Aston Villa
Harry Kane Bayern Munchen
Dani Carvajal Real Madrid
Florian Wirtz Bayer Leverkusen
Raphinha Barcelona
Lamine Yamal Barcelona
Vinícius Júnior Real Madrid
Lautaro Martínez Inter
Ademola Lookman Atalanta
Kylian Mbappé Real Madrid
Antonio Rüdiger Real Madrid
Rodri Manchester City
Erling Haaland Manchester City
 
Estatísticas das Respostas
Resposta % Correto
Vinícius Júnior Real Madrid
71%
Jude Bellingham Real Madrid
69%
Rodri Manchester City
69%
Kylian Mbappé Real Madrid
62%
Erling Haaland Manchester City
61%
Harry Kane Bayern Munchen
44%
Dani Carvajal Real Madrid
42%
Lamine Yamal Barcelona
38%
Florian Wirtz Bayer Leverkusen
31%
Lautaro Martínez Inter
27%
Nenhum quiz correspondente encontrado
Distribuição das Pontuações
Porcentagem de Pessoas com Cada Pontuação
Percentil de Números Respondidos
Sua Pontuação Histórica
Você não jogou esse quiz